000 00536nam a2200193Ia 4500
005 20250508162306.0
008 008 250505s9999 xx 000 0 eng d
037 _aTextual
040 _aFEDL
_beng
_cFEDL
041 _aeng
_2eng
084 _a370.78, RAS
_qFEDL
100 _aRasboarg Finn Ed.
_9772766
245 0 _aResearch report summaries the Danish institute for educational research
260 _c1976
300 _a74p
650 _aEducation
942 _cTEXL
_h370.78, RAS
999 _c1375636
_d1375636